| 000 | 00736nam a2200217Ia 4500 | ||
|---|---|---|---|
| 003 | GCL | ||
| 008 | 140319s9999 xx 000 0 ara d | ||
| 040 |
_aGCL / _cGCL |
||
| 082 | 0 | 4 |
_a327.569073 _bك ر |
| 100 | 1 | _aمحجوب عمر | |
| 245 | 1 | 0 |
_aالرابطة الخطرة: العلاقات الخفية بين امريكا واسرائيل / _cمحجوب عمر |
| 700 | 1 | _aاحمد صدقى مراد | |
| 700 | 1 | _aكولبورن , اندرولسلى | |
| 260 |
_a[S.N] : _bالعربى للنشر والتوزيع |
||
| 490 | _a | ||
| 650 | 0 | 4 | _aالولايات المتحدة الامريكية |
| 650 | 0 | 4 | _aاسرائيل |
| 650 | 0 | 4 | _aالعلاقات الخارجية |
| 650 | 0 | 4 | _aالموساد |
| 942 |
_2ddc _cBK |
||
| 999 |
_c27939 _d27939 |
||